| Record ID | harvard_bibliographic_metadata/ab.bib.10.20150123.full.mrc:388936720:790 |
| Source | Harvard University |
| Download Link | /show-records/harvard_bibliographic_metadata/ab.bib.10.20150123.full.mrc:388936720:790?format=raw |
LEADER: 00790cam a2200289 a 4500
001 010520893-0
005 20131016124145.0
008 051114s2007 enk 000 f eng
015 $aGBA704474$2bnb
016 7 $a013645454$2Uk
020 $a0575075139 (hbk.)
020 $a0575077670 (pbk.)
020 $a9780575075139 (hbk.)
020 $a9780575077676 (pbk.)
035 0 $aocm78989112
040 $aUKM$cUKM$dBWKUK$dYDXCP
050 4 $aPR6113.O748$bB53 2007
082 04 $a823.92$222
100 1 $aMorgan, Richard K.,$d1965-
245 10 $aBlack man /$cRichard Morgan.
260 $aLondon :$bGollancz,$c2007.
300 $a546 p. ;$c24 cm.
650 0 $aGenetic engineering$vFiction.
655 7 $aScience fiction.$2gsafd
899 $a415_565426
988 $a20070602
906 $0OCLC